İngiltere'nin Güneydoğu Anadolu siyaseti ve Binbaşı E. W. C. Noel'in faaliyetleri / (Kayıt no. 10197)

MARC ayrıntıları
000 -LEADER
fixed length control field 01124nam a22002417a 4500
003 - CONTROL NUMBER IDENTIFIER
control field KOHA_MİRAKIL
005 - DATE AND TIME OF LATEST TRANSACTION
control field 20260408112612.0
008 - FIXED-LENGTH DATA ELEMENTS--GENERAL INFORMATION
fixed length control field 260408b tu ||||| |||| 00| 0 tur d
020 ## - INTERNATIONAL STANDARD BOOK NUMBER
International Standard Book Number 9754560064
040 ## - CATALOGING SOURCE
Original cataloging agency TR-AnABB
Language of cataloging tur
Transcribing agency TR-AnABB
041 ## - LANGUAGE CODE
Language code of text/sound track or separate title tur
082 ## - DEWEY DECIMAL CLASSIFICATION NUMBER
Classification number 956.1023
Item number OKE 1998
100 1# - MAIN ENTRY--PERSONAL NAME
Personal name Öke, M. Kemal
9 (RLIN) 3361
245 10 - TITLE STATEMENT
Title İngiltere'nin Güneydoğu Anadolu siyaseti ve Binbaşı E. W. C. Noel'in faaliyetleri /
Statement of responsibility, etc. M. Kemal Öke
260 ## - PUBLICATION, DISTRIBUTION, ETC.
Place of publication, distribution, etc. Ankara :
Name of publisher, distributor, etc. Türk Kültürünü Araştırma Enstitüsü;
Date of publication, distribution, etc. 1988
300 ## - PHYSICAL DESCRIPTION
Extent 132 sayfa ;
Dimensions 20 cm
490 0# - SERIES STATEMENT
Series statement Türk Kültürünü Araştırma Enstitüsü Yayınları ;
Volume/sequential designation 87
505 ## - FORMATTED CONTENTS NOTE
Formatted contents note İçindekiler: Doğu ve Güneydoğu Anadolu Aşiretleri Hakkında - Mondras Mütarekesi sonrasında İngiliz işgalindeki Irak'da siyasi vaziyet - Noel'in Güneydoğu Anadolu Seyahati ve İlk İntibaları - İngilizler'in yeni teşebbüsleri - Politika tesbitine doğru - Mustafa Kemal Paşa'nın duruma hakim olarak
650 04 - SUBJECT ADDED ENTRY--TOPICAL TERM
Topical term or geographic name entry element Tarih, Türkiye
9 (RLIN) 582
650 04 - SUBJECT ADDED ENTRY--TOPICAL TERM
Topical term or geographic name entry element Tarih, Türkiye, Dış İlişkiler
9 (RLIN) 3362
900 ## - EQUIVALENCE OR CROSS-REFERENCE-PERSONAL NAME [LOCAL, CANADA]
Numeration Can ÇELIK
942 ## - ADDED ENTRY ELEMENTS (KOHA)
Source of classification or shelving scheme Dewey Decimal Classification
Koha item type Kitap
Mevcut
Withdrawn status Lost status Source of classification or shelving scheme Damaged status Not for loan Home library Current library Date acquired Total checkouts Full call number Barcode Date last seen Price effective from Koha item type
    Dewey Decimal Classification     Prof. Dr. Ruşen Keleş Kütüphanesi Prof. Dr. Ruşen Keleş Kütüphanesi 08/04/2026   956.1023 OKE 1998 RK7045 08/04/2026 08/04/2026 Kitap